| 000 | 00583nam a22001697a 4500 | ||
|---|---|---|---|
| 003 | NUST | ||
| 038 | _aNusrat Nadeem | ||
| 082 | _a200 | ||
| 100 |
_aAli, Rizwan _9122493 |
||
| 245 |
_aProspects of Economic Cooperation and Conflict Resolution: A Case Study of Iran, India, and Pakistan/ _cRizwan Ali, |
||
| 264 |
_aIslamabad; _bCIPS NUST; _c2022. |
||
| 300 |
_a265,p; _bill; _c30,cm. |
||
| 650 |
_aPhD-Peace and Conflict Studies _9123173 |
||
| 700 |
_aSupervisor: Dr. Ahmed Waqas Waheed _9123174 |
||
| 856 | _uhttp://10.250.8.41:8080/xmlui/handle/123456789/34202 | ||
| 942 |
_2ddc _cSC |
||
| 999 |
_c610181 _d610181 |
||